000 01183nac a22003131i 4500
003 EG-ScBUE
005 20221219103514.0
008 221219t1996 nyua f 001 0 eng d
020 _a047152980X (cloth : acid-free paper)
020 _a9780471529804
040 _aEG-ScBUE
_beng
_erda
_cEG-ScBUE
_dEG-ScBUE
082 0 4 _a728
_bDEV
_222
100 1 _aDe Vido, Alfredo,‏
_d1932-
_eauthor.
245 1 0 _aHouse design :
_bart and practice /
_cAlfredo De Vido, FAIA.
264 1 _aNew York :
_bJohn Wiley and Sons, Inc.,
_c[1996]
264 4 _cc1996
300 _axi, 244 pages :
_billustrations ;
_c29 cm
336 _2rdacontent
_atext
_btxt
337 _2rdamedia
_aunmediated
_bn
338 _2rdacarrier
_avolume
_bnc
500 _aIncludes index.
650 7 _aArchitecture, Domestic
_zUnited States
_xPlanning.
_2BUEsh
653 _bENGARC
655 _vReading book
856 4 2 _3Contributor biographical information
_uhttp://www.loc.gov/catdir/bios/wiley042/95042940.html
856 4 2 _3Publisher description
_uhttp://www.loc.gov/catdir/description/wiley034/95042940.html
856 4 2 _3Table of Contents
_uhttp://www.loc.gov/catdir/toc/onix05/95042940.html
942 _cBB
_2ddc
999 _c7642
_d7642